Matemática 3º medio: guía didáctica para el profesor

Kaydedildi:
Detaylı Bibliyografya
Yazar: Medina, Carmen Gloria (autora)
Materyal Türü: Kitap
Dil:İspanyolca
Baskı/Yayın Bilgisi: Santiago Mare Nostrum 2006
Edisyon:3a. ed
Konular:
Etiketler: Etiketle
Etiket eklenmemiş, İlk siz ekleyin!

MARC

LEADER 00000nam a2200000 a 4500
001 UCJ0460
003 CL-VaPUC
008 060804e20060000CL |||||||||||||||||spa|d
020 |a 9562941388 
082 0 4 |a 510.712  |b MED  |2 21 
100 |a Medina, Carmen Gloria  |e autora  |9 520662 
245 1 0 |a Matemática 3º medio: guía didáctica para el profesor 
250 |a 3a. ed 
300 |a 64 p 
942 |c BK 
945 |d 20060804 00:00:00  |a jtorresc 
260 |a Santiago  |b Mare Nostrum  |c 2006 
650 0 |a Matemáticas  |x Enseñanza  |9 875527 
650 0 |a Libros de texto  |9 270019 
650 0 |a Métodos de enseñanza  |9 270413 
583 |a last modification  |c 20170821 03:45:23  |k Rodrigo Vera 
999 |c 317294  |d 317292 
952 |0 0  |1 0  |4 0  |6 510_712000000000000_MED_2006  |7 0  |8 A  |9 393385  |a BIBEDU  |b BIBEDU  |d 2019-11-22  |i 4421477  |o 510.712 MED 2006  |p 4421477  |r 2019-11-22  |w 2019-11-22  |y BK  |k EDU